000 00689nam a2200193Ia 4500
003 GCL
008 140319s9999 xx 000 0 ara d
040 _aGCL /
_cGCL
082 0 4 _aق
_b780.92
_bا ب
100 1 _aايمن الحكيم
245 1 0 _aبليغ حمدى :
_bمذكراته الشخصية.. وشهادات مثيرة لرفاق رحلته /
_cايمن الحكيم
250 _aالاولى
260 _aالقاهرة :
_bميريت للنشر والمعلومات ،
_c2001
300 _aمتعدد ؛
_c24سم
650 0 4 _aالرجال - تراجم
650 0 4 _aالملحنون المصريون
650 0 4 _aبليغ حمدى - تراجم
942 _2ddc
_cBK
999 _c57390
_d57390